000 00891nam1a22002651i 4500
001 rc\2968166
005 20240723231554.0
035 _a(NLR Aleph) 007114493
090 _a6801789
_c6801789
100 _a20110906d1937 |||y0rusy50 ca
101 1 _arus
_chun
102 _aRU
105 _ay z |||||
200 1 _a1514
_eИсторич. роман. Т. I -
_fШандор Гергель
_gПер. с венг. Э. Грейнер-Гекк
210 _aМосква
_cГослитиздат
_d1937
_g1 тип. Трансжелдориздата
215 _d21х14 см
300 _aХуд.: Н. Мухин
700 1 _aГергей
_bШ.
_f1896-1966
_gШандор
702 1 _aГрейнер-Гекк
_bЭ.
_4730
702 1 _aМухин
_bН.
_4440
801 0 _aRU
_bNLR
_gpsbo
801 1 _aRU
_bELAR
_2rusmarc
852 _aNLR
_bЛ
_j60 В-3/132
852 _aNLR
_j37-17/214(1)
942 _cBOOK